000 00779nam a2200265Ia 4500
003 OSt
005 20251117161849.0
008 210210b2006 xxu||||| |||| 00| 0 eng d
020 _a8189818392
040 _cAL
041 _aKannada
082 _aK894.9 RADG
100 _aRADHAKRASHNA (K E) Ed
_dರಾಧಾಕೃಷ್ಣ (ಕೆ ಈ)
_9246010
245 _aGovinda pai samskratiloka
_bಗೋವಿಂದ ಪೈ ಸಂಸ್ಕೃತಿ ಲೋಕ
260 _aBengaluru
_bVasanta Prakashana
_c2006
300 _axi,247
650 _asamskratiloka
_9246011
650 _aSamkiranada
_9246012
650 _apai
_9246013
650 _alekhanagalu
_9246014
650 _aGovinda
_9246015
690 _aKannada Criticism
_9246016
906 _a063942
942 _2ddc
_cBK
999 _c139254
_d139254